[Event "Krasnograd Christmas op"]
[Site "Krasnograd"]
[Date "2018.01.17"]
[Round "4"]
[White "Kuzmenko, Volodimir"]
[Black "Sadykov, Iljas"]
[Result "0-1"]
[WhiteElo "2186"]
[BlackElo "2255"]
[PlyCount "66"]
[EventDate "2018.01.15"]
[EventType "swiss"]
[EventRounds "9"]
[EventCountry "UKR"]
[SourceTitle "CBM 182 Extra"]
[Source "ChessBase"]
[SourceDate "2018.02.23"]
[SourceVersion "1"]
[SourceVersionDate "2018.02.23"]
[SourceQuality "1"]

1. e4 c5 2. Nf3 d6 3. d4 cxd4 4. Nxd4 Nf6 5. Nc3 a6 6. Bc4 e6 7. Bb3 b5 8. 0-0 Be7 9. Qf3 Qc7 10. Qg3 0-0 11. Bh6 Ne8 12. Rad1 Bd7 13. f4 Nc6 14. Nxc6 Bxc6 15. f5 Kh8 16. f6 gxh6 17. fxe7 Qxe7 18. Qf2 Rd8 19. Qb6 Qc7 20. Qd4+ Ng7 21. Rf6 a5 22. a3 Qb7 23. Rdf1 Kg8 24. Rxh6 b4 25. axb4 axb4 26. Nd1 Bxe4 27. Ne3 e5 28. Qd1 Qa7 29. Rh3 d5 30. Kh1 Kh8 31. Ng4 f6 32. Nxf6 Qa6 33. Rh6 Bg6 0-1